[Event "121st YMCA Spring C"]
[Site "Warszawa"]
[Date "2013.04.10"]
[Round "1"]
[White "Barc, Michal"]
[Black "Slomski, Arkadiusz"]
[Result "1-0"]
[WhiteElo "1854"]
[BlackElo "1725"]
[PlyCount "75"]
[EventDate "2013.04.10"]
[EventType "tourn"]
[EventRounds "1"]
[EventCountry "POL"]
[SourceDate "2013.04.10"]

1. d4 e6 2. Nf3 f5 3. g3 Nf6 4. Bg2 Be7 5. O-O O-O 6. c4 c6 7. Nc3 d5 8. b3 Ne4
9. Qc2 Nd7 10. Bb2 b6 11. Rad1 Ba6 12. Ne5 Rc8 13. Nxe4 fxe4 14. f3 Nxe5 15.
dxe5 Bc5+ 16. Kh1 e3 17. a3 Qg5 18. f4 Qh5 19. Rf3 dxc4 20. b4 Be7 21. g4 Qe8
22. f5 Bg5 23. h4 Bxh4 24. Rh3 Bf2 25. Be4 Rc7 26. Kg2 h6 27. Rd6 exf5 28. gxf5
b5 29. f6 Bc8 30. Bh7+ Kh8 31. e6 Bxe6 32. Rxh6 Rff7 33. Rxe6 Qxe6 34. Bf5+
gxh6 35. Bxe6 Bh4 36. Qg6 Bxf6 37. Qxh6+ Kg8 38. Bxf6 1-0

[Event "121st YMCA Spring C"]
[Site "Warszawa"]
[Date "2013.04.10"]
[Round "1"]
[White "Moskwinski, Marek"]
[Black "Skwarek, Hubert"]
[Result "1-0"]
[WhiteElo "1772"]
[BlackElo "1644"]
[PlyCount "79"]
[EventDate "2013.04.10"]
[EventType "tourn"]
[EventRounds "1"]
[EventCountry "POL"]
[SourceDate "2013.04.10"]

1. e4 d5 2. exd5 Qxd5 3. Nc3 Qa5 4. d4 Nf6 5. Nf3 c6 6. Bc4 Bf5 7. O-O e6 8.
Re1 Nbd7 9. d5 cxd5 10. Nxd5 Nxd5 11. Bxd5 Qc7 12. Nd4 O-O-O 13. Nxf5 Nb6 14.
Bxb7+ Qxb7 15. Nd4 Bc5 16. c3 Rd5 17. Qg4 Bxd4 18. cxd4 f5 19. Qe2 Rxd4 20.
Qxe6+ Qd7 21. Qxd7+ Rxd7 22. Bf4 Kb7 23. Rad1 Rhd8 24. Rxd7+ Rxd7 25. g3 Nd5
26. Be3 Nb4 27. a3 Nd3 28. Rd1 a5 29. Kf1 Kc6 30. b3 Rd5 31. Ke2 Ne5 32. Rxd5
Kxd5 33. Bd2 Nc6 34. Bc3 g6 35. Ke3 Kc5 36. Kf4 Nd4 37. Bxd4+ Kxd4 38. Kg5 Kc3
39. b4 a4 40. b5 1-0

[Event "121st YMCA Spring C"]
[Site "Warszawa"]
[Date "2013.04.10"]
[Round "1"]
[White "Potocki, Karol"]
[Black "Szukalski, Antoni"]
[Result "1-0"]
[WhiteElo "1874"]
[BlackElo "1787"]
[PlyCount "67"]
[EventDate "2013.04.10"]
[EventType "tourn"]
[EventRounds "1"]
[EventCountry "POL"]
[SourceDate "2013.04.10"]

1. e4 c5 2. Nf3 e6 3. c3 d5 4. exd5 exd5 5. d4 cxd4 6. Nxd4 Nf6 7. Bb5+ Bd7 8.
Qe2+ Be7 9. Nf5 Kf8 10. Nxe7 Qxe7 11. O-O Qxe2 12. Bxe2 h6 13. Nd2 Nc6 14. Nb3
Rd8 15. Bf4 g6 16. Rad1 Kg7 17. Rfe1 Rhe8 18. Nc5 b6 19. Nxd7 Rxd7 20. Bb5 Rc8
21. f3 Nh5 22. Be3 f5 23. g4 fxg4 24. fxg4 Nf6 25. g5 hxg5 26. Bxg5 Nh7 27. Be3
Nf6 28. Bd4 Rf7 29. Bxf6+ Kxf6 30. Rxd5 Kg7 31. Rd6 Ne7 32. Ba4 Nf5 33. Rd7 Rc4
34. Rxf7+ 1-0

[Event "121st YMCA Spring C"]
[Site "Warszawa"]
[Date "2013.04.10"]
[Round "1"]
[White "Krzyzanowski, Antoni"]
[Black "Sawicki, Wojciech"]
[Result "1-0"]
[WhiteElo "1723"]
[BlackElo "1797"]
[PlyCount "47"]
[EventDate "2013.04.10"]
[EventType "tourn"]
[EventRounds "1"]
[EventCountry "POL"]
[SourceDate "2013.04.10"]

1. e4 g6 2. d4 Bg7 3. Nc3 d6 4. Bg5 c5 5. d5 Qa5 6. Qd2 a6 7. f4 Nd7 8. Nf3 h6
9. Bh4 Qb4 10. O-O-O Ngf6 11. a3 Qa5 12. e5 dxe5 13. fxe5 Ng4 14. e6 fxe6 15.
dxe6 Nde5 16. Bxe7 Nxf3 17. gxf3 Bxc3 18. bxc3 Qxa3+ 19. Kb1 Bxe6 20. Bc4 Ne5
21. Bxe6 Kxe7 22. Qd6+ Kf6 23. Bc8+ Kf7 24. Qe6+ 1-0

[Event "121st YMCA Spring C"]
[Site "Warszawa"]
[Date "2013.04.11"]
[Round "1"]
[White "Staniak, Mariusz"]
[Black "Powalka, Michal"]
[Result "1-0"]
[WhiteElo "1821"]
[BlackElo "1835"]
[PlyCount "101"]
[EventDate "2013.04.10"]
[EventType "tourn"]
[EventRounds "1"]
[EventCountry "POL"]
[SourceDate "2013.04.10"]

1. c4 Nf6 2. Nc3 g6 3. g3 Bg7 4. Bg2 O-O 5. e3 d6 6. Nge2 Nc6 7. d4 e5 8. O-O
Re8 9. a3 Rb8 10. b4 exd4 11. exd4 Bg4 12. h3 Bf5 13. Be3 h6 14. Rc1 Nh7 15.
Nf4 Ng5 16. Qd2 Kh7 17. h4 Ne4 18. Nxe4 Bxe4 19. Nd5 Bxg2 20. Kxg2 Ne7 21. Nxe7
Rxe7 22. d5 Qd7 23. Bd4 Bxd4 24. Qxd4 b6 25. Rfe1 Rbe8 26. Rxe7 Qxe7 27. Rc3
Qe4+ 28. Qxe4 Rxe4 29. Kf3 f5 30. c5 bxc5 31. bxc5 Ra4 32. cxd6 cxd6 33. Rc7+
Kg8 34. Rc6 Rxa3+ 35. Ke2 Kf7 36. Rxd6 Ra4 37. Ke3 Re4+ 38. Kd3 Re8 39. Ra6 Re7
40. Kd4 Rc7 41. Ke5 Rd7 42. d6 Rb7 43. Kd5 Rd7 44. Ra2 g5 45. Kc6 Ke8 46. Rb2
gxh4 47. gxh4 a5 48. Re2+ Kd8 49. Re6 Ra7 50. Rxh6 Ke8 51. Rh8+ 1-0

[Event "121st YMCA Spring C"]
[Site "Warszawa"]
[Date "2013.04.17"]
[Round "2"]
[White "Sawicki, Wojciech"]
[Black "Staniak, Mariusz"]
[Result "1-0"]
[WhiteElo "1797"]
[BlackElo "1821"]
[PlyCount "139"]
[EventDate "2013.04.10"]
[EventType "tourn"]
[EventRounds "1"]
[EventCountry "POL"]
[SourceDate "2013.04.10"]

1. e4 c6 2. d4 d5 3. Nc3 dxe4 4. Nxe4 Nd7 5. Ng5 Ngf6 6. Bd3 e6 7. N1f3 Bd6 8.
Qe2 h6 9. Ne4 Nxe4 10. Qxe4 Nf6 11. Qe2 Qc7 12. g3 b6 13. Bd2 Bb7 14. O-O-O
O-O-O 15. Rhe1 Kb8 16. Ne5 Ka8 17. Nc4 c5 18. Nxd6 Qxd6 19. dxc5 Qxc5 20. Bc3
Rc8 21. Bxf6 gxf6 22. Be4 Rc7 23. Rd3 Rhc8 24. Rc3 Qa5 25. Rxc7 Rxc7 26. Rd1 a6
27. a3 Ka7 28. Bxb7 Rxb7 29. Qc4 Qe5 30. Qd4 Qf5 31. Qe3 Qh3 32. Qf3 Rc7 33.
Qxf6 Qh5 34. h4 Qe2 35. c3 h5 36. Qd4 Qb5 37. Qf4 Kb7 38. Qg5 Qe2 39. Qe3 Qb5
40. Qf3+ Ka7 41. Rd8 Rb7 42. Rh8 Qf1+ 43. Kc2 Qe1 44. Qe3 Qf1 45. Rd8 Qb5 46.
Qd3 Qc5 47. Qd4 Qb5 48. Qd3 Qc5 49. Rd4 Rc7 50. b4 Qc6 51. Qe3 Qa4+ 52. Kb2 Qc6
53. Kb3 Qh1 54. Kb2 Qc6 55. Qd3 Qg2 56. Qd2 Qc6 57. Rd6 Qb5 58. Qd3 Qe8 59. Qd4
Rb7 60. c4 Qc8 61. a4 e5 62. Qd5 Qf5 63. Qd2 e4 64. Rd5 Qe6 65. Kb3 Rc7 66. Qd4
Qg4 67. a5 Rb7 68. axb6+ Ka8 69. Rd8+ Rb8 70. Qd5# 1-0

[Event "121st YMCA Spring C"]
[Site "Warszawa"]
[Date "2013.04.11"]
[Round "2"]
[White "Szukalski, Antoni"]
[Black "Krzyzanowski, Antoni"]
[Result "1-0"]
[WhiteElo "1787"]
[BlackElo "1723"]
[PlyCount "93"]
[EventDate "2013.04.10"]
[EventType "tourn"]
[EventRounds "1"]
[EventCountry "POL"]
[SourceDate "2013.04.10"]

1. e4 c6 2. d4 d5 3. Nc3 g6 4. Nf3 Bg7 5. Be2 Nf6 6. exd5 cxd5 7. O-O O-O 8.
Ne5 Nc6 9. Nxc6 bxc6 10. Be3 Re8 11. f4 Qa5 12. a3 Bd7 13. b4 Qc7 14. Na4 Rad8
15. Nc5 Bc8 16. c3 h5 17. h3 Nh7 18. Qc2 f5 19. g4 hxg4 20. hxg4 Kf7 21. g5
Nxg5 22. Kf2 Ne4+ 23. Nxe4 fxe4 24. Rh1 Rh8 25. c4 g5 26. Bh5+ Rxh5 27. Rxh5
gxf4 28. Rg1 fxe3+ 29. Kxe3 Rg8 30. Qf2+ Ke8 31. Rh7 Bxd4+ 32. Kxd4 e5+ 33. Kc3
d4+ 34. Kb3 Qxh7 35. Rf1 Qh3+ 36. Ka4 Qf3 37. Qe1 Qe3 38. Qh4 Bg4 39. Qf6 Qg5
40. Qf7+ Kd8 41. Qxa7 Bf3 42. Qb6+ Ke7 43. Qc7+ Kf8 44. Qxc6 d3 45. Qxe4 Kg7
46. Qxf3 d2 47. Qf7+ 1-0

[Event "121st YMCA Spring C"]
[Site "Warszawa"]
[Date "2013.04.17"]
[Round "2"]
[White "Skwarek, Hubert"]
[Black "Wilczynski, Adam"]
[Result "1/2-1/2"]
[WhiteElo "1644"]
[BlackElo "1673"]
[PlyCount "73"]
[EventDate "2013.04.10"]
[EventType "tourn"]
[EventRounds "1"]
[EventCountry "POL"]
[SourceDate "2013.04.10"]

1. c4 e5 2. g3 Nf6 3. Bg2 c6 4. Nf3 e4 5. Nd4 Bc5 6. Nc2 d5 7. Nc3 O-O 8. cxd5
cxd5 9. O-O Nc6 10. d3 Bf5 11. d4 Be7 12. b3 Rc8 13. Bb2 Qd7 14. Ne3 Be6 15. a3
Ng4 16. Nxg4 Bxg4 17. b4 Bf6 18. h3 Be6 19. e3 Ne7 20. Kh2 Rc4 21. Rc1 Rfc8 22.
Re1 Rd8 23. Bf1 Rcc8 24. Qb3 h5 25. Qa4 Qxa4 26. Nxa4 Rxc1 27. Rxc1 Rc8 28. Nc5
b6 29. Nb3 Rxc1 30. Nxc1 Nf5 31. Ne2 g5 32. Nc3 Nd6 33. Be2 h4 34. gxh4 gxh4
35. Nb5 Nxb5 36. Bxb5 Be7 37. Bf1 1/2-1/2

[Event "121st YMCA Spring C"]
[Site "Warszawa"]
[Date "2013.04.17"]
[Round "2"]
[White "Slomski, Arkadiusz"]
[Black "Moskwinski, Marek"]
[Result "0-1"]
[WhiteElo "1725"]
[BlackElo "1772"]
[PlyCount "82"]
[EventDate "2013.04.10"]
[EventType "tourn"]
[EventRounds "1"]
[EventCountry "POL"]
[SourceDate "2013.04.10"]

1. f4 d5 2. Nf3 Nf6 3. e3 c5 4. Be2 Nc6 5. O-O g6 6. c3 Bg7 7. d4 cxd4 8. cxd4
Ne4 9. Nbd2 Nxd2 10. Bxd2 O-O 11. b4 Bg4 12. Rc1 a6 13. a4 f6 14. Qb3 Qd7 15.
Rc5 e6 16. Rfc1 Rfc8 17. b5 axb5 18. Rxb5 Rc7 19. Rbc5 Bf8 20. R5c2 Bf5 21. Bd3
Bxd3 22. Qxd3 Rxa4 23. Qb5 Ra8 24. Ne1 Nd8 25. Qb6 Rxc2 26. Rxc2 Ra6 27. Qb3
Qa4 28. Qb2 Rc6 29. Rxc6 Qxc6 30. Ba5 Nf7 31. Nd3 Nd6 32. Nc5 Nc4 33. Qc3 b6
34. Bb4 bxc5 35. dxc5 Bxc5 36. Qb3 Qb6 37. Qa4 Bxb4 38. Qe8+ Kg7 39. g4 Qxe3+
40. Kg2 Qe2+ 41. Kh3 Qf3+ 0-1

[Event "121st YMCA Spring C"]
[Site "Warszawa"]
[Date "2013.04.17"]
[Round "2"]
[White "Rodak , Przemyslaw"]
[Black "Barc, Michal"]
[Result "0-1"]
[WhiteElo "1667"]
[BlackElo "1854"]
[PlyCount "168"]
[EventDate "2013.04.10"]
[EventType "tourn"]
[EventRounds "1"]
[EventCountry "POL"]
[SourceDate "2013.04.10"]

1. e4 e6 2. d4 d5 3. Nc3 Nf6 4. e5 Nfd7 5. Qg4 f5 6. exf6 Nxf6 7. Qg3 a6 8. Nf3
Nc6 9. a3 Ne4 10. Qf4 Bd6 11. Qg4 O-O 12. Nxe4 dxe4 13. Qxe4 Qf6 14. Bd3 g6 15.
O-O Bd7 16. Bg5 Qg7 17. Qh4 Rxf3 18. gxf3 Nxd4 19. Be4 Qf7 20. Bxb7 Nxf3+ 21.
Bxf3 Qxf3 22. Qc4 Bc6 23. Qxe6+ Kg7 24. Qf6+ Qxf6 25. Bxf6+ Kxf6 26. Rfe1 Rb8
27. b4 Rb5 28. c4 Rg5+ 29. Kf1 Bxh2 30. Ke2 Be5 31. Rad1 Rf5 32. Rd8 h5 33. Rg1
Ke7 34. Rc8 g5 35. Rg8 g4 36. Rg6 Bf6 37. Rh6 Bf3+ 38. Kd3 h4 39. Re1+ Kf7 40.
Rh7+ Kg6 41. Rxc7 h3 42. Re8 h2 43. Re1 h1=Q 44. Rxh1 Bxh1 45. Ke3 Rf3+ 46. Ke2
Rxa3 47. b5 axb5 48. cxb5 Rb3 49. Rc5 Bd4 50. Rc4 Rb2+ 51. Kd3 Bxf2 52. Rxg4+
Kf5 53. Rg8 Bb6 54. Kc4 Ke5 55. Rg5+ Kd6 56. Rg6+ Kc7 57. Rg7+ Kb8 58. Rg8+ Kb7
59. Rg5 Bf3 60. Kc3 Rg2 61. Rf5 Bg4 62. Rg5 Rg3+ 63. Kb4 Bc7 64. Rg6 Be2 65.
Re6 Rg4+ 66. Kc5 Rg5+ 67. Kb4 Rxb5+ 68. Kc3 Re5 69. Rh6 Bb5 70. Kd4 Bc6 71. Rh7
Rg5 72. Rh6 Kb6 73. Rh7 Rg4+ 74. Ke3 Bf4+ 75. Kd3 Bd6 76. Kc3 Kc5 77. Rh5+ Bd5
78. Kd3 Rg3+ 79. Kd2 Kd4 80. Rh4+ Be4 81. Rh8 Rg2+ 82. Ke1 Ke3 83. Kf1 Ra2 84.
Rh3+ Bf3 0-1

[Event "121st YMCA Spring C"]
[Site "Warszawa"]
[Date "2013.04.24"]
[Round "3"]
[White "Moskwinski, Marek"]
[Black "Rodak , Przemyslaw"]
[Result "1-0"]
[WhiteElo "1772"]
[BlackElo "1667"]
[PlyCount "103"]
[EventDate "2013.04.10"]
[EventType "tourn"]
[EventRounds "1"]
[EventCountry "POL"]
[SourceDate "2013.04.10"]

1. e4 e6 2. d4 d5 3. Nc3 Bb4 4. e5 c5 5. a3 Bxc3+ 6. bxc3 Ne7 7. Qg4 O-O 8. Bd3
Qa5 9. Bd2 Nbc6 10. Nf3 Ng6 11. h4 c4 12. h5 cxd3 13. hxg6 fxg6 14. Ng5 h5 15.
Rxh5 gxh5 16. Qxh5 Rf5 17. Qe8+ Rf8 18. Qg6 Rf5 19. Qh7+ Kf8 20. Qh8+ Ke7 21.
Qxg7+ Ke8 22. Nh7 Ne7 23. Nf6+ Kd8 24. Qf8+ Kc7 25. c4 Qa4 26. Qxe7+ Kb6 27.
Qc5+ Ka6 28. Ne8 b6 29. Qb5+ Qxb5 30. cxb5+ Kxb5 31. Nd6+ Kc6 32. Nxf5 exf5 33.
cxd3 Be6 34. Rc1+ Kd7 35. Bb4 Rh8 36. Ke2 Rc8 37. Rh1 Kc6 38. Rh6 Kd7 39. Rh7+
Kc6 40. Rxa7 Re8 41. Rg7 Kb5 42. Ke3 Ka4 43. Kf4 Kb3 44. Rb7 Kc2 45. Rxb6 Kxd3
46. Bc5 Ke2 47. Rxe6 Rxe6 48. Kxf5 Re8 49. f4 Rc8 50. e6 Ke3 51. e7 Kf2 52. Kf6
1-0

[Event "121st YMCA Spring C"]
[Site "Warszawa"]
[Date "2013.04.24"]
[Round "3"]
[White "Wilczynski, Adam"]
[Black "Slomski, Arkadiusz"]
[Result "0-1"]
[WhiteElo "1673"]
[BlackElo "1725"]
[PlyCount "142"]
[EventDate "2013.04.10"]
[EventType "tourn"]
[EventRounds "1"]
[EventCountry "POL"]
[SourceDate "2013.04.10"]

1. c4 e6 2. g3 f5 3. Bg2 Nf6 4. Nf3 Be7 5. O-O O-O 6. d3 c6 7. Qc2 d5 8. b3 Na6
9. Bb2 Bd7 10. Nbd2 Rc8 11. e4 fxe4 12. dxe4 b5 13. e5 Ne8 14. Nd4 Qb6 15. Rad1
Bc5 16. N2f3 Nb4 17. Qb1 bxc4 18. a3 Nd3 19. Rxd3 cxd3 20. Qxd3 Bxd4 21. Nxd4
c5 22. Ne2 Bb5 23. Qc2 Bxe2 24. Qxe2 Qxb3 25. Bc1 c4 26. Qg4 Nc7 27. h4 Qd3 28.
Bh3 Qf5 29. Qxf5 exf5 30. Be3 Nb5 31. a4 Nc3 32. Bxa7 Nxa4 33. Bd4 c3 34. Bg2
Rfd8 35. Rc1 Kf7 36. Bf1 c2 37. Bd3 Nc5 38. Bxc5 Rxc5 39. Rxc2 Rxc2 40. Bxc2
Ke6 41. f4 Rb8 42. Ba4 Rb2 43. Kf1 d4 44. Ke1 Rg2 45. Bb3+ Ke7 46. Bg8 g6 47.
Bxh7 Rxg3 48. Kf2 d3 49. Kxg3 d2 50. Bxg6 d1=Q 51. Bxf5 Qb3+ 52. Kg4 Qg8+ 53.
Kf3 Qf7 54. Kg4 Qg7+ 55. Kf3 Qh6 56. Kg3 Qh5 57. Bg4 Qg6 58. h5 Qd3+ 59. Kh4
Kf7 60. Kg5 Qd8+ 61. Kf5 Kg7 62. Bf3 Qe7 63. Kg4 Kh6 64. Be4 Qd7+ 65. Kg3 Kxh5
66. Bf3+ Kg6 67. Bg4 Qd4 68. e6 Qe3+ 69. Bf3 Qxe6 70. Kh4 Qe3 71. Kg4 Qg1+ 0-1

[Event "121st YMCA Spring C"]
[Site "Warszawa"]
[Date "2013.04.24"]
[Round "3"]
[White "Staniak, Mariusz"]
[Black "Szukalski, Antoni"]
[Result "1-0"]
[WhiteElo "1821"]
[BlackElo "1787"]
[PlyCount "61"]
[EventDate "2013.04.10"]
[EventType "tourn"]
[EventRounds "1"]
[EventCountry "POL"]
[SourceDate "2013.04.10"]

1. c4 f5 2. g3 Nf6 3. Bg2 e6 4. b3 c6 5. Nf3 d5 6. O-O Be7 7. Bb2 O-O 8. d3 Na6
9. Nbd2 Nc7 10. Qc2 Bd7 11. Rfe1 Rc8 12. Rad1 Be8 13. e4 fxe4 14. dxe4 Bg6 15.
Ne5 Qe8 16. Qc1 Nd7 17. Nxg6 Qxg6 18. exd5 cxd5 19. Nf3 Nc5 20. Qe3 Ne4 21. Ne5
Qf5 22. Bxe4 dxe4 23. Bd4 Bb4 24. Re2 Rcd8 25. Rf1 Rd6 26. Qxe4 b6 27. Qxf5
exf5 28. Nf3 Ne6 29. Bb2 Rc6 30. Rd1 Rd8 31. Rxd8+ 1-0

[Event "121st YMCA Spring C"]
[Site "Warszawa"]
[Date "2013.05.08"]
[Round "4"]
[White "Szukalski, Antoni"]
[Black "Powalka, Michal"]
[Result "1-0"]
[WhiteElo "1787"]
[BlackElo "1835"]
[PlyCount "105"]
[EventDate "2013.04.10"]
[EventType "tourn"]
[EventRounds "1"]
[EventCountry "POL"]
[SourceDate "2013.04.10"]

1. d4 Nf6 2. c4 g6 3. Nc3 Bg7 4. e4 d6 5. Nf3 O-O 6. Be2 e5 7. d5 a5 8. a4 Na6
9. O-O Nh5 10. Ne1 Nf4 11. Nd3 f5 12. f3 Nxe2+ 13. Qxe2 f4 14. Bd2 g5 15. Nd1
b6 16. N1f2 h5 17. h3 Rf7 18. b4 axb4 19. Nxb4 Nc5 20. a5 bxa5 21. Nc6 Qf6 22.
Rxa5 Rxa5 23. Bxa5 Qg6 24. Rb1 Bf8 25. Rb8 Bd7 26. Nd8 Rh7 27. Nb7 Nxb7 28.
Rxb7 c5 29. dxc6 Bxc6 30. Rb6 Qe8 31. Qb2 Qa8 32. Bc3 g4 33. hxg4 hxg4 34. Nxg4
Rg7 35. c5 Rxg4 36. fxg4 Bxe4 37. cxd6 Qc8 38. Qb3+ Kh7 39. Qf7+ Bg7 40. Qh5+
Kg8 41. Be1 f3 42. d7 Qxd7 43. Rb8+ Bf8 44. Qg5+ Kf7 45. Qh5+ Bg6 46. Qxe5 Bd6
47. Qd5+ Qe6 48. Rb7+ Be7 49. Qxe6+ Kxe6 50. gxf3 Bd3 51. Kg2 Bc4 52. Kg3 Bd5
53. Rb6+ 1-0

[Event "121st YMCA Spring C"]
[Site "Warszawa"]
[Date "2013.04.25"]
[Round "4"]
[White "Skwarek, Hubert"]
[Black "Krzyzanowski, Antoni"]
[Result "0-1"]
[WhiteElo "1644"]
[BlackElo "1723"]
[PlyCount "42"]
[EventDate "2013.04.10"]
[EventType "tourn"]
[EventRounds "1"]
[EventCountry "POL"]
[SourceDate "2013.04.10"]

1. c4 f5 2. g3 Nf6 3. Bg2 e5 4. d4 e4 5. Bg5 c6 6. Nc3 d5 7. cxd5 cxd5 8. Bxf6
gxf6 9. Qb3 Nc6 10. Qxd5 Qb6 11. O-O-O a6 12. Nh3 Nb4 13. Qb3 Be6 14. d5 Bd7
15. a3 a5 16. axb4 axb4 17. Kb1 Qa5 18. Nxe4 fxe4 19. d6 Bh6 20. Rd4 Qa1+ 21.
Kc2 Rc8+ 0-1

[Event "121st YMCA Spring C"]
[Site "Warszawa"]
[Date "2013.04.16"]
[Round "4"]
[White "Slomski, Arkadiusz"]
[Black "Potocki, Karol"]
[Result "0-1"]
[WhiteElo "1725"]
[BlackElo "1874"]
[PlyCount "94"]
[EventDate "2013.04.10"]
[EventType "tourn"]
[EventRounds "1"]
[EventCountry "POL"]
[SourceDate "2013.04.10"]

1. f4 d5 2. Nf3 c6 3. e3 Bg4 4. Be2 Nd7 5. O-O Qc7 6. d4 O-O-O 7. Nbd2 f6 8. c4
e6 9. h3 Bxf3 10. Nxf3 Nh6 11. Qa4 Kb8 12. Bd3 Nf5 13. Bxf5 exf5 14. cxd5 Nb6
15. Qc2 Rxd5 16. Bd2 Bd6 17. b4 Qe7 18. Rab1 Rc8 19. a4 Qe4 20. Qb3 h6 21. Rfc1
g5 22. fxg5 fxg5 23. Be1 Nd7 24. Nd2 Qe6 25. b5 c5 26. Nc4 Nf6 27. Rd1 Bc7 28.
dxc5 Rxc5 29. Nd2 Qe7 30. Nf3 g4 31. Nd4 Qe5 32. Qd3 Qh2+ 33. Kf1 Qh1+ 34. Ke2
Qxg2+ 35. Bf2 Ne4 36. Rf1 Nc3+ 37. Ke1 Nxb1 38. Qxb1 Rc1+ 39. Qxc1 Ba5+ 40. Ke2
Rxc1 41. Rxc1 g3 42. Rf1 f4 43. Nf5 f3+ 44. Kd3 Qxf1+ 45. Ke4 Qxf2 46. Nd4 Bb6
47. Kd5 Bxd4 0-1

[Event "121st YMCA Spring C"]
[Site "Warszawa"]
[Date "2013.04.30"]
[Round "4"]
[White "Rodak , Przemyslaw"]
[Black "Wilczynski, Adam"]
[Result "0-1"]
[WhiteElo "1667"]
[BlackElo "1673"]
[PlyCount "78"]
[EventDate "2013.04.10"]
[EventType "tourn"]
[EventRounds "1"]
[EventCountry "POL"]
[SourceDate "2013.04.10"]

1. d4 Nf6 2. c4 e6 3. Nc3 Bb4 4. Nf3 b6 5. Bg5 Bb7 6. e3 h6 7. Bh4 O-O 8. Be2
Bxc3+ 9. bxc3 d6 10. O-O Nbd7 11. Nd2 e5 12. Bf3 Qc8 13. Bxb7 Qxb7 14. a4 Rae8
15. a5 e4 16. axb6 axb6 17. Qc2 g5 18. Bg3 Nh5 19. Ra2 f5 20. Rfa1 Ra8 21. Qb3
Kg7 22. Qb5 Rxa2 23. Rxa2 Rf7 24. Nb3 Qc8 25. Qc6 Qd8 26. Ra8 Qf6 27. f4 gxf4
28. Bxf4 Nxf4 29. exf4 Nf8 30. Ra1 Qh4 31. Rf1 Qg4 32. Nc1 Re7 33. Qa4 Ng6 34.
g3 Nh4 35. Qc2 Nf3+ 36. Kh1 Kf6 37. Qe2 h5 38. Qf2 Kf7 39. h4 Qh3+ 0-1

[Event "121st YMCA Spring C"]
[Site "Warszawa"]
[Date "2013.04.18"]
[Round "4"]
[White "Barc, Michal"]
[Black "Moskwinski, Marek"]
[Result "1-0"]
[WhiteElo "1854"]
[BlackElo "1772"]
[PlyCount "81"]
[EventDate "2013.04.10"]
[EventType "tourn"]
[EventRounds "1"]
[EventCountry "POL"]
[SourceDate "2013.04.10"]

1. d4 Nf6 2. Nf3 g6 3. c4 Bg7 4. Nc3 d5 5. e3 O-O 6. Bd3 c5 7. O-O cxd4 8. exd4
Nc6 9. h3 h6 10. Be3 Be6 11. c5 Bf5 12. Bxf5 gxf5 13. a3 e6 14. Bf4 Ne4 15. Nb5
Qd7 16. Qd3 a6 17. Nc3 Nxc3 18. Qxc3 Nxd4 19. Nxd4 e5 20. Qg3 exf4 21. Qxf4
Bxd4 22. Qxd4 Rfe8 23. Rad1 Rad8 24. Rd3 Kh7 25. Rfd1 Re6 26. Qxd5 Qxd5 27.
Rxd5 Rxd5 28. Rxd5 Re1+ 29. Kh2 Re2 30. b4 Rxf2 31. Rd7 Kg6 32. Rxb7 f4 33. Kg1
Ra2 34. Rb6+ Kg5 35. Rxa6 Kh4 36. Rd6 Rxa3 37. Kh2 Ra2 38. Rd4 Kg5 39. Rc4 f3
40. Kg1 Rxg2+ 41. Kf1 1-0

[Event "121st YMCA Spring C"]
[Site "Warszawa"]
[Date "2013.05.03"]
[Round "5"]
[White "Wilczynski, Adam"]
[Black "Barc, Michal"]
[Result "1-0"]
[WhiteElo "1673"]
[BlackElo "1854"]
[Annotator "Admin"]
[PlyCount "81"]
[EventDate "2013.04.10"]
[EventType "tourn"]
[EventRounds "1"]
[EventCountry "POL"]
[SourceDate "2013.04.10"]

1. c4 Nf6 2. g3 g6 3. Bg2 Bg7 4. Nc3 O-O 5. Nf3 c5 6. O-O Nc6 7. d4 cxd4 8.
Nxd4 a6 9. Nxc6 bxc6 10. Qc2 Qc7 11. b3 d6 12. Bb2 e5 13. Rad1 Bf5 14. Qd2 Rfd8
15. e4 Be6 16. Rc1 Qa7 17. Na4 Ng4 18. Qe2 Nh6 19. h3 f5 20. Kh2 fxe4 21. Bxe4
Rac8 22. Bg2 Nf5 23. c5 Bd5 24. f3 Nd4 25. Qe3 dxc5 26. Nxc5 Nf5 27. Qf2 Qe7
28. Rfe1 a5 29. Nd3 Re8 30. Nxe5 Qd6 31. f4 a4 32. Red1 axb3 33. axb3 Qb4 34.
Rxd5 cxd5 35. Bxd5+ Kf8 36. Ra1 Qe7 37. Ra7 Rc2 38. Qxc2 Qxa7 39. Nc6 Qe3 40.
Ba3+ Ne7 41. Nxe7 $138 1-0

[Event "121st YMCA Spring C"]
[Site "Warszawa"]
[Date "2013.05.03"]
[Round "5"]
[White "Potocki, Karol"]
[Black "Rodak , Przemyslaw"]
[Result "1/2-1/2"]
[WhiteElo "1874"]
[BlackElo "1667"]
[Annotator "Admin"]
[PlyCount "99"]
[EventDate "2013.04.10"]
[EventType "tourn"]
[EventRounds "1"]
[EventCountry "POL"]
[SourceDate "2013.04.10"]

1. d4 d5 2. c4 c6 3. Nf3 Nf6 4. e3 e6 5. Nc3 Bd6 6. Bd3 O-O 7. O-O Nbd7 8. Qc2
e5 9. cxd5 cxd5 10. e4 exd4 11. Nxd5 Be5 12. Bg5 h6 13. Bh4 g5 14. Nxe5 Nxe5
15. Nxf6+ Qxf6 16. Bg3 Nxd3 17. Qxd3 Be6 18. f4 Rfd8 19. f5 Bd7 20. e5 Qb6 21.
e6 Bb5 22. exf7+ Kxf7 23. Qb3+ Kf6 24. Rfe1 Re8 25. Qd5 Kg7 26. Be5+ Kf8 27.
Bxd4 Rad8 28. Rxe8+ Bxe8 29. Bc5+ Kg7 30. f6+ Qxf6 31. Qxb7+ Rd7 32. Qb4 Bf7
33. Rf1 Qe5 34. Re1 Qf6 35. h4 Bg6 36. hxg5 hxg5 37. Qg4 Qf5 38. Bd4+ Kh6 39.
Qxf5 Bxf5 40. Bc3 Kg6 41. Kf2 Kf7 42. Re5 Kg6 43. Re8 Bb1 44. a3 Ba2 45. Ke1
Bb3 46. Bd2 Rd6 47. Re5 Re6 48. Rxe6+ Bxe6 49. b4 a6 50. g3 $11 1/2-1/2

[Event "121st YMCA Spring C"]
[Site "Warszawa"]
[Date "2013.04.18"]
[Round "5"]
[White "Krzyzanowski, Antoni"]
[Black "Slomski, Arkadiusz"]
[Result "0-1"]
[WhiteElo "1723"]
[BlackElo "1725"]
[PlyCount "130"]
[EventDate "2013.04.10"]
[EventType "tourn"]
[EventRounds "1"]
[EventCountry "POL"]
[SourceDate "2013.04.10"]

1. e4 e6 2. d4 d5 3. Nc3 Bb4 4. e5 c5 5. a3 cxd4 6. axb4 dxc3 7. Qg4 cxb2 8.
Bxb2 Qe7 9. b5 f5 10. Qd4 b6 11. Ba3 Qd8 12. Nf3 Nh6 13. Bd3 Nf7 14. O-O g5 15.
h3 h5 16. g3 g4 17. Nh4 Rg8 18. Kh2 gxh3 19. f4 Nh6 20. Be2 Ng4+ 21. Kxh3 Qc7
22. c4 Qg7 23. Rg1 Qd7 24. c5 Qd8 25. c6 Qc7 26. Bd6 Qg7 27. Ra2 Rh8 28. Bf3
Rg8 29. Nxf5 exf5 30. Bxd5 h4 31. Bxg8 hxg3 32. Rh1 Nf2+ 33. Rxf2 gxf2 34. Qxf2
Qxg8 35. Rg1 Qh7+ 36. Kg2 Be6 37. Qf3 Qf7 38. Kf2 Bd5 39. Ke3 Bxf3 40. Kxf3
Qd5+ 41. Kf2 Qd4+ 42. Kf1 Qxf4+ 43. Ke2 Qe4+ 44. Kf2 Qc2+ 45. Kf3 Qb3+ 46. Kf4
a5 47. Kxf5 Qf3+ 48. Kg6 Qe4+ 49. Kg7 Qf5 50. Rg6 a4 51. Rf6 Qg4+ 52. Rg6 Qh3
53. Rf6 Qg2+ 54. Rg6 Qf2 55. Rf6 Qg1+ 56. Rg6 Qxg6+ 57. Kxg6 Nd7 58. cxd7+ Kxd7
59. Kf7 a3 60. Bb4 Kd8 61. e6 a2 62. e7+ Kd7 63. Bc3 Re8 64. Bf6 Rxe7+ 65. Bxe7
a1=Q 0-1

[Event "121st YMCA Spring C"]
[Site "Warszawa"]
[Date "2013.05.08"]
[Round "5"]
[White "Staniak, Mariusz"]
[Black "Skwarek, Hubert"]
[Result "0-1"]
[WhiteElo "1821"]
[BlackElo "1644"]
[PlyCount "50"]
[EventDate "2013.04.10"]
[EventType "tourn"]
[EventRounds "1"]
[EventCountry "POL"]
[SourceDate "2013.04.10"]

1. c4 e5 2. Nc3 Nf6 3. Nf3 Nc6 4. a3 a5 5. d3 d5 6. cxd5 Nxd5 7. Bd2 Nb6 8. e3
Be7 9. Be2 Bf5 10. Qc2 O-O 11. O-O a4 12. Rac1 Qd7 13. Ne4 Rfd8 14. Bc3 f6 15.
d4 Nd5 16. Bc4 Kh8 17. Bd3 Nxc3 18. Nxc3 Bxd3 19. Qxd3 exd4 20. Rfd1 Ne5 21.
Nxe5 fxe5 22. Qe4 c5 23. Qxe5 Bd6 24. Qh5 dxc3 25. Rxc3 Bxh2+ 0-1

[Event "121st YMCA Spring C"]
[Site "Warszawa"]
[Date "2013.04.18"]
[Round "5"]
[White "Sawicki, Wojciech"]
[Black "Szukalski, Antoni"]
[Result "1-0"]
[WhiteElo "1797"]
[BlackElo "1787"]
[PlyCount "53"]
[EventDate "2013.04.10"]
[EventType "tourn"]
[EventRounds "1"]
[EventCountry "POL"]
[SourceDate "2013.04.10"]

1. e4 c5 2. d4 cxd4 3. c3 e6 4. cxd4 d5 5. e5 Bb4+ 6. Bd2 Bxd2+ 7. Qxd2 Nc6 8.
Nf3 Nge7 9. Bd3 Bd7 10. Nc3 a6 11. O-O b5 12. Qg5 Kf8 13. h4 Ng8 14. Qf4 f5 15.
g4 g6 16. gxf5 gxf5 17. Kh2 h5 18. Ng5 Nh6 19. f3 Qb6 20. Ne2 Ke7 21. Rg1 Rag8
22. Rad1 Be8 23. Bb1 Bg6 24. Qe3 Be8 25. Nf4 Nd8 26. Ngxe6 Nxe6 27. Nxd5+ 1-0